| 000 | 01541nam0a2200385 4500 | ||
|---|---|---|---|
| 001 | RU\NLR\BIBL_A\012695753 | ||
| 005 | 20230414165727.0 | ||
| 010 |
_a978-5-00170-401-0 _9100 |
||
| 021 |
_aRU _bКН-П-21-067590 _9КН-П-21-5344 |
||
| 035 | _a(NLR Aleph) 012695753 | ||
| 035 | _a(RuMoRGB)010823603 | ||
| 090 |
_a12861788 _c12861788 |
||
| 100 | _a20220127d2021 u y0rusy50 ca | ||
| 101 | 1 | _arus | |
| 102 | _aRU | ||
| 105 | _ay|||z||||||g| | ||
| 181 | 1 |
_ai _b e |
|
| 182 | 1 | _an | |
| 200 | 1 |
_aУже не вернуть.. _eстихи, переводы _fАлександр Таташев |
|
| 203 |
_aТекст _bвизуальный _cнепосредственный |
||
| 210 |
_aМосква _cУ Никитских ворот _d2021 |
||
| 215 |
_a90, [1] с. _d17 |
||
| 320 | _aДр. работы авт. в тексте аннот | ||
| 330 | _aАлександр Таташев родился и живет в Москве. Член Союза писателей России. Выпускает шестой авторский сборник стихов и поэтических переводов | ||
| 686 | 1 | _aШ6(0)07-5я43{Лх150-175сб} | |
| 686 | 2 | _aШ6(2=Р)8-5 | |
| 686 | 2 | _aШ6(2=Р)8-57 | |
| 700 | 1 |
_aТаташев _bА. Г. _gАлександр Геннадьевич |
|
| 942 | _cBOOK | ||
| 980 | _aNB | ||